Relative prices and climate policy: How the scarcity of nonmarket goods drives policy evaluation (Record no. 517943)

000 -LEADER
fixed length control field 01236nam a22001457a 4500
008 - FIXED-LENGTH DATA ELEMENTS--GENERAL INFORMATION
fixed length control field 210805b ||||| |||| 00| 0 eng d
100 ## - MAIN ENTRY--PERSONAL NAME
Personal name Drupp, Moritz A. and Hansel, Martin C.
245 ## - TITLE STATEMENT
Title Relative prices and climate policy: How the scarcity of nonmarket goods drives policy evaluation
260 ## - PUBLICATION, DISTRIBUTION, ETC. (IMPRINT)
Place of publication, distribution, etc American Economic Journal: Economic Policy
300 ## - PHYSICAL DESCRIPTION
Extent 13(1), Feb, 2021: p.168-201
520 ## - SUMMARY, ETC.
Summary, etc Climate change not only impacts production and market consumption but also the relative scarcity of nonmarket goods, such as environmental amenities. We study fundamental drivers of the resulting relative price changes, their potential magnitude, and their implications for climate policy in Nordhaus's Dynamic Integrated Climate-Economy (DICE) model, thereby addressing one of its key criticisms. We propose plausible ranges for these relative prices changes based on best available evidence. Our central calibration reveals that accounting for relative prices is equivalent to decreasing pure time preference by 0.6 percentage points and leads to a more than 50 percent higher social cost of carbon. – Reproduced
773 ## - HOST ITEM ENTRY
Main entry heading American Economic Journal: Economic Policy
906 ## - LOCAL DATA ELEMENT F, LDF (RLIN)
Subject DIP CLIMATE POLICY
942 ## - ADDED ENTRY ELEMENTS (KOHA)
Item type Articles
Holdings
Withdrawn status Lost status Source of classification or shelving scheme Damaged status Not for loan Permanent location Current location Date acquired Serial Enumeration / chronology Barcode Date last seen Koha item type
          Indian Institute of Public Administration Indian Institute of Public Administration 2021-08-05 13(1), Feb, 2021: p.168-201 AR125165 2021-08-05 Articles

Powered by Koha